ARRUPE JESUIT UNIVERSITY

CORONAVIRUS -STOP THE SPREAD - CLEAN,DISINFECT,COVER

The Pontificate of Benedict XVI : (Record no. 118466)

MARC details
000 -LEADER
fixed length control field 01973cam a2200289 a 4500
001 - CONTROL NUMBER
control field 15653113
003 - CONTROL NUMBER IDENTIFIER
control field ARRUPE
005 - DATE AND TIME OF LATEST TRANSACTION
control field 20131024175822.0
008 - FIXED-LENGTH DATA ELEMENTS--GENERAL INFORMATION
fixed length control field 090309s2009 miu b 000 0 eng
010 ## - LIBRARY OF CONGRESS CONTROL NUMBER
LC control number 2009009680
020 ## - INTERNATIONAL STANDARD BOOK NUMBER
International Standard Book Number 9780802848680 (pbk. : alk. paper)
020 ## - INTERNATIONAL STANDARD BOOK NUMBER
International Standard Book Number 0802848680 (pbk. : alk. paper)
035 ## - SYSTEM CONTROL NUMBER
System control number (OCoLC)ocn262878968
040 ## - CATALOGING SOURCE
Original cataloging agency DLC
Transcribing agency DLC
Modifying agency YDX
-- BTCTA
-- YDXCP
-- EMT
-- IMC
-- VUT
-- KAT
-- DLC
050 00 - LIBRARY OF CONGRESS CALL NUMBER
Classification number BX1378.6
Item number .P66 2009
300 ## - PHYSICAL DESCRIPTION
Dimensions 23 cm.
245 04 - TITLE STATEMENT
Title The Pontificate of Benedict XVI :
Remainder of title its premises and promises /
Statement of responsibility, etc edited and with an introduction by William G. Rusch.
260 ## - PUBLICATION, DISTRIBUTION, ETC. (IMPRINT)
Place of publication, distribution, etc Grand Rapids, Mich. :
Name of publisher, distributor, etc William B. Eerdmans Pub.,
Date of publication, distribution, etc 2009.
300 ## - PHYSICAL DESCRIPTION
Extent xiv, 173 p. ;
504 ## - BIBLIOGRAPHY, ETC. NOTE
Bibliography, etc Includes bibliographical references.
505 0# - FORMATTED CONTENTS NOTE
Formatted contents note Benedict XVI, the ends of European Christendom, and the horizons of world Christianity / Dale T. Irvin -- Providential pluralism : an ecumenical gift? / Ephraim Radner -- Pope Benedict XVI as theologian, philosopher of religion, and ecumenist / Harding Meyer -- The sting of death : the unavoidable question and the response of faith / Geoffrey Wainwright -- Will the ecclesiology of Cardinal Ratzinger influence the pontificate of Pope Benedict XVI? / Metropolitan Maximos of Pittsburgh -- Of like passion : a Pentecostal appreciation of Benedict XVI / Cheryl Bridges-Johns -- The professor, the prefect, and the pope : Joseph Ratzinger : a Reformed appreciation / Joseph D. Small -- Benedict XVI : apostle of the "pierced heart of Jesus" / Sara Butler -- Postcript / Richard John Neuhaus.
600 00 - SUBJECT ADDED ENTRY--PERSONAL NAME
Personal name Benedict
Numeration XVI,
Titles and other words associated with a name Pope,
Dates associated with a name 1927-
9 (RLIN) 3022
700 1# - ADDED ENTRY--PERSONAL NAME
Personal name Rusch, William G.
9 (RLIN) 3023
856 41 - ELECTRONIC LOCATION AND ACCESS
Materials specified Table of contents only
Uniform Resource Identifier <a href="http://www.loc.gov/catdir/toc/fy1002/2009009680.html">http://www.loc.gov/catdir/toc/fy1002/2009009680.html</a>
906 ## - LOCAL DATA ELEMENT F, LDF (RLIN)
a 7
b cbc
c orignew
d 1
e ecip
f 20
g y-gencatlg
942 ## - ADDED ENTRY ELEMENTS (KOHA)
Source of classification or shelving scheme Library of Congress Classification
Koha item type Monograph ( Printed materials)
Holdings
Withdrawn status Lost status Source of classification or shelving scheme Damaged status Not for loan Home library Current library Date acquired Total Checkouts Full call number Barcode Date last seen Price effective from Koha item type
    Library of Congress Classification     ARRUPE LIBRARY ARRUPE LIBRARY 24/10/2013   BX1378.6 .P66 2009 46410489 22/11/2017 24/10/2013 Monograph ( Printed materials)

 

Arrupe Library. PO Box MP320 Mt Pleasant, Harare, Zimbabwe
263 242 745411|librarian@aju.ac.zw